Nota Buat Cempaka / (Record no. 189471)

MARC details
000 -LEADER
fixed length control field 01091cam a2200337 i 4500
001 - CONTROL NUMBER
control field vtls000753034
003 - CONTROL NUMBER IDENTIFIER
control field PNM
005 - DATE AND TIME OF LATEST TRANSACTION
control field 20221218115841.0
008 - FIXED-LENGTH DATA ELEMENTS--GENERAL INFORMATION
fixed length control field 160506s2014 my g 000 f may
015 ## - NATIONAL BIBLIOGRAPHY NUMBER
National bibliography number M14-15254
020 ## - INTERNATIONAL STANDARD BOOK NUMBER
International Standard Book Number 9789675289323
Qualifying information paperback
Terms of availability RM00.00
039 #9 - LEVEL OF BIBLIOGRAPHIC CONTROL AND CODING DETAIL [OBSOLETE]
Level of rules in bibliographic description 202112310815
Level of effort used to assign nonsubject heading access points anis_o
Level of effort used to assign subject headings 202112271158
Level of effort used to assign classification zainura
Level of effort used to assign subject headings 201605061037
Level of effort used to assign classification VLOAD
Level of effort used to assign subject headings 201604260912
Level of effort used to assign classification VLOAD
040 ## - CATALOGING SOURCE
Original cataloging agency BNM
Language of cataloging eng
Transcribing agency BNM
Modifying agency BNM
-- PPAK
Description conventions rda
049 ## - LOCAL HOLDINGS (OCLC)
Holding library mal
082 04 - DEWEY DECIMAL CLASSIFICATION NUMBER
Classification number 899.2333
Edition number 23
090 00 - LOCALLY ASSIGNED LC-TYPE CALL NUMBER (OCLC); LOCAL CALL NUMBER (RLIN)
Classification number (OCLC) (R) ; Classification number, CALL (RLIN) (NR) 899.2333
Feature heading SOP
Feature heading G
100 0# - MAIN ENTRY--PERSONAL NAME
Personal name Sophilea,
Dates associated with a name 1981-
Relator term author.
245 10 - TITLE STATEMENT
Title Nota Buat Cempaka /
Statement of responsibility, etc. SOPHILEA
264 #1 - PRODUCTION, PUBLICATION, DISTRIBUTION, MANUFACTURE, AND COPYRIGHT NOTICE
Place of production, publication, distribution, manufacture Johor Bahru, Johor :
Name of producer, publisher, distributor, manufacturer Intens Idea International Sdn Bhd,
Date of production, publication, distribution, manufacture, or copyright notice 2014
300 ## - PHYSICAL DESCRIPTION
Extent 674 pages ;
Dimensions 19 cm
336 ## - CONTENT TYPE
Content type term text
Source rdacontent
337 ## - MEDIA TYPE
Media type term unmediated
Source rdamedia
338 ## - CARRIER TYPE
Carrier type term volume
Source rdacarrier
530 ## - ADDITIONAL PHYSICAL FORM AVAILABLE NOTE
Additional physical form available note Also available in online version
650 10 - SUBJECT ADDED ENTRY--TOPICAL TERM
Topical term or geographic name entry element Malaysian fiction (Malay)
Topical term or geographic name entry element Malay fiction
776 18 - ADDITIONAL PHYSICAL FORM ENTRY
Relationship information Reproduced as (manifestation):
Main entry heading Sophilea, 1981-
Title Nota Buat Cempaka
Record control number (PNM)000939402
942 ## - ADDED ENTRY ELEMENTS (KOHA)
Source of classification or shelving scheme Dewey Decimal Classification
Koha item type Book
949 ## - LOCAL PROCESSING INFORMATION (OCLC)
6 2000218714
6 2000218715
Holdings
Withdrawn Not for loan Current library Shelving location Date acquired Total Checkouts Total Renewals Full call number Barcode Date last seen Date last checked out Koha item type
    Perpustakaan Alor Setar Pinjaman Dewasa 11/12/2022 3 1 899.2333 SOP A00746808 11/02/2026 31/12/2025 Book